| 000 | 00496cam a22002171 4500 | ||
|---|---|---|---|
| 001 | sa 66004746 | ||
| 003 | DLC | ||
| 005 | 20260227112244.0 | ||
| 008 | 890706s1963 ii 000 0 urdr | ||
| 010 | _asa 66004746 | ||
| 035 | _a(OCoLC)19968866 | ||
| 040 |
_aDLC _cWaU _dDLC |
||
| 042 | _apremarc | ||
| 050 | 0 | 0 |
_aBP165 _b.B375 |
| 100 | 1 | _aBarni, Muhammad Ilyas. | |
| 245 | 1 | 0 | _aQaul-i t̤ayyib. |
| 260 | _c[1963] | ||
| 300 |
_a400 p. _c19 cm. |
||
| 500 | _aIn Urdu. | ||
| 650 | 0 | _aIslam. | |
| 999 |
_c69563 _d69563 |
||